000 00615nam a2200217Ii 4500
001 20820
003 CO-ViMGA
008 241108s9999||||xx |||||||||||||| ||und||
020 _a9783833137679
040 _aCO-ViMGA
_bspa
_erda
_cCO-ViMGA
041 0 _aspa
082 0 4 _aR 927.5 L36h
100 1 _aPeter. Hohenstatt
_951275
245 1 0 _aLeonardo da Vinci 1452-1519
264 1 _aBeijing, China : H. F. Ullmann, 2007
300 _avolumen
336 _atext
_btxt
_2rdacontent
337 _aunmediated
_bn
_2rdamedia
338 _avolume
_bnc
_2rdacarrier
940 _aidficha_siabuc: 20474. -- ficha_no_siabuc:20820
999 _c45986
_d45986